[Event "Guarapari op"]
[Site "Guarapari"]
[Date "2017.09.09"]
[Round "5"]
[White "Lage, Sergio Correa Magal"]
[Black "Vieira, Paulo Cesar"]
[Result "0-1"]
[WhiteElo "1949"]
[BlackElo "1846"]
[PlyCount "122"]
[EventDate "2017.09.07"]
[EventType "swiss"]
[EventRounds "6"]
[EventCountry "BRA"]
[SourceTitle "CBM 180 Extra"]
[Source "ChessBase"]
[SourceDate "2017.10.06"]
[SourceVersion "1"]
[SourceVersionDate "2017.10.06"]
[SourceQuality "1"]

1. Nf3 Nf6 2. d4 g6 3. g3 Bg7 4. Bg2 0-0 5. 0-0 d6 6. c4 Nc6 7. Nc3 a6 8. h3 Re8 9. e4 e5 10. d5 Ne7 11. Nh2 Nd7 12. f4 f5 13. Nf3 fxe4 14. Nxe4 exf4 15. Nfg5 Ne5 16. Rxf4 h5 17. Ne6 Bxe6 18. dxe6 Rf8 19. Qe2 N7c6 20. Nc3 Rb8 21. Rxf8+ Qxf8 22. Bf4 Nd4 23. Qe4 g5 24. Bxe5 dxe5 25. Qg6 Qf6 26. Qd3 c6 27. Rf1 Qxe6 28. Ne4 Rf8 29. Rxf8+ Bxf8 30. b3 Kg7 31. Kh2 Be7 32. Nf2 Qf5 33. Ne4 Kg6 34. Qf1 Qxf1 35. Bxf1 b5 36. Kg2 Nc2 37. Kf3 Kh6 38. Ke2 Nb4 39. cxb5 axb5 40. a4 bxa4 41. bxa4 Bd8 42. Nc5 Nd5 43. Nb7 Bb6 44. Kd3 Kg6 45. Bg2 h4 46. Be4+ Kf6 47. g4 Nf4+ 48. Kc4 Nxh3 49. Bxc6 Nf2 50. a5 Ba7 51. Nd6 Nxg4 52. Ne4+ Kf5 53. Nd6+ Kf4 54. Nc8 Bf2 55. Kb5 e4 56. Nb6 h3 57. a6 h2 58. a7 h1Q 59. a8Q Qb1+ 60. Ka5 Qxb6+ 61. Ka4 Qa7+ 0-1

[Event "Guarapari op"]
[Site "Guarapari"]
[Date "2017.09.09"]
[Round "4"]
[White "Mendes, Rodrigo Machado"]
[Black "Lage, Sergio Correa Magal"]
[Result "1-0"]
[WhiteElo "2015"]
[BlackElo "1949"]
[PlyCount "45"]
[EventDate "2017.09.07"]
[EventType "swiss"]
[EventRounds "6"]
[EventCountry "BRA"]
[SourceTitle "CBM 180 Extra"]
[Source "ChessBase"]
[SourceDate "2017.10.06"]
[SourceVersion "1"]
[SourceVersionDate "2017.10.06"]
[SourceQuality "1"]

1. d4 f5 2. Nc3 Nf6 3. Qd3 g6 4. e4 fxe4 5. Nxe4 Bg7 6. h4 Nc6 7. c3 Nxe4 8. Qxe4 d5 9. Qc2 Bf5 10. Bd3 Bxd3 11. Qxd3 Qd6 12. Nf3 Qe6+ 13. Be3 Qg4 14. 0-0-0 0-0-0 15. Ng5 Rdf8 16. f3 Qd7 17. Rhe1 h6 18. Nh3 Qe8 19. Nf4 Rf5 20. h5 Rhf8 21. Ne6 Qf7 22. Nxf8 Bxf8 23. hxg6 1-0

[Event "Vitoria CEAX 1st"]
[Site "Vitoria"]
[Date "2012.03.25"]
[Round "5.3"]
[White "Lage, Sergio Correa Magal"]
[Black "Stein, Adriano Baldo"]
[Result "0-1"]
[WhiteElo "2043"]
[BlackElo "1908"]
[PlyCount "65"]
[EventDate "2012.03.24"]
[EventType "swiss"]
[EventRounds "5"]
[EventCountry "BRA"]
[SourceTitle "EXT 2022"]
[Source "ChessBase"]
[SourceDate "2021.10.06"]
[SourceVersion "1"]
[SourceVersionDate "2021.10.06"]
[SourceQuality "1"]

1. f4 f5 2. Nf3 e6 3. e3 Nf6 4. d3 d5 5. Be2 Be7 6. Nc3 0-0 7. 0-0 c5 8. Qe1 Nc6 9. h3 a6 10. a4 Nb4 11. Bd1 Bd7 12. Ne5 Be8 13. g4 fxg4 14. hxg4 Rc8 15. g5 Nd7 16. Nf3 Bh5 17. Qh4 Bg6 18. Qh3 Bf5 19. Qg3 c4 20. Nh4 cxd3 21. Nxf5 Rxf5 22. Bg4 Qf8 23. Bxf5 Qxf5 24. cxd3 Nxd3 25. Ne2 Bc5 26. Nd4 Bxd4 27. exd4 Rc2 28. Be3 Nb6 29. b3 Nc8 30. Bf2 Nd6 31. Rad1 Nxf2 32. Rde1 Nde4 33. Qh3 0-1

[Event "Vitoria CEAX 1st"]
[Site "Vitoria"]
[Date "2012.03.24"]
[Round "2.1"]
[White "Lage, Sergio Correa Magal"]
[Black "Bonfim, Hudson Soares Do"]
[Result "1/2-1/2"]
[WhiteElo "2043"]
[BlackElo "1905"]
[PlyCount "47"]
[EventDate "2012.03.24"]
[EventType "swiss"]
[EventRounds "5"]
[EventCountry "BRA"]
[SourceTitle "EXT 2022"]
[Source "ChessBase"]
[SourceDate "2021.10.06"]
[SourceVersion "1"]
[SourceVersionDate "2021.10.06"]
[SourceQuality "1"]

1. e4 d6 2. Nc3 Nf6 3. f4 g6 4. Nf3 Bg7 5. Bc4 c6 6. d4 d5 7. exd5 cxd5 8. Bb5+ Bd7 9. Bxd7+ Nbxd7 10. Qd3 e6 11. Ne5 Nxe5 12. fxe5 Nd7 13. b3 a6 14. Ba3 Bf8 15. Bxf8 Kxf8 16. 0-0 Kg7 17. Kf2 Rg8 18. Kf3 Qe7 19. Nd1 f6 20. exf6+ Nxf6 21. Nf2 Kf8 22. Nd1 Qd6 23. h3 b5 24. c3 1/2-1/2

[Event "Guarapari CBX"]
[Site "Guarapari"]
[Date "2010.10.23"]
[Round "1.2"]
[White "Lage, Sergio Correa Magal"]
[Black "Cardoso De Lima, Paulo Sergio L"]
[Result "1-0"]
[WhiteElo "2030"]
[BlackElo "1791"]
[PlyCount "98"]
[EventDate "2010.09.24"]
[EventType "swiss"]
[EventRounds "5"]
[EventCountry "BRA"]
[SourceTitle "EXT 2022"]
[Source "ChessBase"]
[SourceDate "2021.10.06"]
[SourceVersion "1"]
[SourceVersionDate "2021.10.06"]
[SourceQuality "1"]

1. d4 d5 2. Nf3 Nf6 3. c4 e6 4. g3 c6 5. Bg2 Be7 6. Nc3 Nbd7 7. c5 Qc7 8. Bf4 Qa5 9. 0-0 b6 10. Bc7 Bb7 11. a3 Rc8 12. b4 Qa6 13. Be5 0-0 14. Qb3 Nxe5 15. Nxe5 Ba8 16. e4 Qb7 17. exd5 cxd5 18. c6 Qc7 19. Nb5 Qb8 20. Rac1 Bd6 21. Nxd6 Qxd6 22. b5 Rc7 23. Rfe1 Re8 24. Bh3 Ne4 25. f3 Ng5 26. Bg2 f6 27. Nd7 h6 28. Rc2 Nh7 29. Rce2 Rcc8 30. f4 Bxc6 31. bxc6 Rxc6 32. Bxd5 Qxd7 33. Rxe6 Rexe6 34. Bxe6+ Rxe6 35. Qxe6+ Qxe6 36. Rxe6 Kf7 37. Rc6 Nf8 38. Rc7+ Kg6 39. Rxa7 Ne6 40. d5 Nc5 41. d6 f5 42. Re7 Kf6 43. Kg2 g5 44. Kf3 g4+ 45. Ke3 Ne4 46. Rh7 Nxd6 47. Rxh6+ Ke7 48. Kd4 b5 49. Kc5 Kd7 1-0

[Event "Espirito Santo-ch"]
[Site "Vitoria"]
[Date "2010.10.12"]
[Round "7.2"]
[White "Lage, Sergio Correa Magal"]
[Black "Cantarino Neto, Mario Ribeiro"]
[Result "0-1"]
[WhiteElo "2030"]
[BlackElo "2126"]
[PlyCount "64"]
[EventDate "2010.10.08"]
[EventType "swiss"]
[EventRounds "7"]
[EventCountry "BRA"]
[SourceTitle "EXT 2022"]
[Source "ChessBase"]
[SourceDate "2021.10.06"]
[SourceVersion "1"]
[SourceVersionDate "2021.10.06"]
[SourceQuality "1"]

1. d4 Nf6 2. Nf3 e6 3. c4 b6 4. g3 Ba6 5. Qc2 Bb7 6. Nc3 d5 7. Bg2 Be7 8. 0-0 0-0 9. cxd5 exd5 10. Bf4 Na6 11. Rac1 c5 12. dxc5 Nxc5 13. Nb5 Ne6 14. Nc7 Nxf4 15. Nxa8 Nxg2 16. Nc7 Ne3 17. fxe3 Bc5 18. Nd4 Qxc7 19. b4 Qe5 20. bxc5 Qxe3+ 21. Kg2 Qxd4 22. c6 Ng4 23. Rf3 Bc8 24. Qd3 Qxd3 25. Rxd3 Bf5 26. Ra3 Rc8 27. Rxa7 Ne3+ 28. Kg1 Nc4 29. c7 Kf8 30. Rb7 Ke7 31. Rc3 Kd7 32. Kf2 Nd6 0-1

[Event "Vitoria Espirito Santo 3rd"]
[Site "Vitoria"]
[Date "2010.06.12"]
[Round "1.4"]
[White "Lage, Sergio Correa Magal"]
[Black "Almeida, Sergio Ribeiro"]
[Result "1-0"]
[WhiteElo "2015"]
[BlackElo "1800"]
[PlyCount "86"]
[EventDate "2010.06.12"]
[EventType "swiss"]
[EventRounds "5"]
[EventCountry "BRA"]
[SourceTitle "EXT 2022"]
[Source "ChessBase"]
[SourceDate "2021.10.06"]
[SourceVersion "1"]
[SourceVersionDate "2021.10.06"]
[SourceQuality "1"]

1. d4 d5 2. Nf3 Nc6 3. e3 Nf6 4. c4 e6 5. a3 Be7 6. Nc3 0-0 7. Bd3 h6 8. 0-0 b6 9. b3 Bb7 10. Bb2 Bd6 11. Rc1 Qe7 12. Nb5 a6 13. Nxd6 Qxd6 14. Qe2 Rfe8 15. c5 Qd7 16. Rc2 b5 17. Rfc1 Qe7 18. a4 bxa4 19. bxa4 Nb4 20. c6 Bc8 21. Ba3 a5 22. Rc5 Qd8 23. Bb5 Na6 24. Bxa6 Bxa6 25. Qe1 Qd6 26. R5c3 Qd8 27. Ne5 Ne4 28. R3c2 f6 29. Nd7 Bc4 30. f3 Ng5 31. Rb2 Nf7 32. Rcb1 Nd6 33. Qg3 Qe7 34. Nb6 Ra6 35. Bxd6 cxd6 36. Nxc4 dxc4 37. Rb7 Qf8 38. Rc7 Rc8 39. Rbb7 Rxc7 40. Rxc7 c3 41. Qg6 f5 42. Qxe6+ Kh7 43. Rf7 Qb8 1-0

[Event "Vitoria ECXA 3rd"]
[Site "Vitoria"]
[Date "2010.03.21"]
[Round "9.2"]
[White "Lage, Sergio Correa Magal"]
[Black "Gomes, Humberto"]
[Result "1/2-1/2"]
[WhiteElo "1998"]
[BlackElo "1946"]
[PlyCount "85"]
[EventDate "2010.03.15"]
[EventType "tourn"]
[EventRounds "10"]
[EventCountry "BRA"]
[SourceTitle "EXT 2022"]
[Source "ChessBase"]
[SourceDate "2021.10.06"]
[SourceVersion "1"]
[SourceVersionDate "2021.10.06"]
[SourceQuality "1"]

1. d4 Nf6 2. Nf3 e6 3. c4 b6 4. g3 Bb7 5. Bg2 Bb4+ 6. Bd2 Qe7 7. a3 Bxd2+ 8. Nbxd2 0-0 9. 0-0 c5 10. dxc5 Qxc5 11. b4 Qe7 12. Nb3 d6 13. Rc1 Nbd7 14. Qd2 Rac8 15. Rfd1 d5 16. cxd5 Bxd5 17. Nbd4 h6 18. Nb5 Bb3 19. Nxa7 Rxc1 20. Rxc1 Ba4 21. Nc8 Qd8 22. Nd4 Nb8 23. Qf4 Nfd7 24. b5 e5 25. Qe4 exd4 26. Ne7+ Kh8 27. Rc8 Qxc8 28. Nxc8 Rxc8 29. h4 Bxb5 30. Qxd4 Bxe2 31. Qe3 Bg4 32. Bb7 Rf8 33. Bd5 Nf6 34. Qe7 Re8 35. Qxf7 Re1+ 36. Kg2 Nxd5 37. Qxd5 Nd7 38. f3 Nf6 39. Qd2 Bxf3+ 40. Kxf3 Rf1+ 41. Kg2 Rf5 42. Qd8+ Kh7 43. Qxb6 1/2-1/2

[Event "Vitoria ECXA 3rd"]
[Site "Vitoria"]
[Date "2010.03.20"]
[Round "6.3"]
[White "Lage, Sergio Correa Magal"]
[Black "Bonfim, Hudson Soares Do"]
[Result "1-0"]
[WhiteElo "1998"]
[BlackElo "1932"]
[PlyCount "58"]
[EventDate "2010.03.15"]
[EventType "tourn"]
[EventRounds "10"]
[EventCountry "BRA"]
[SourceTitle "EXT 2022"]
[Source "ChessBase"]
[SourceDate "2021.10.06"]
[SourceVersion "1"]
[SourceVersionDate "2021.10.06"]
[SourceQuality "1"]

1. d4 d6 2. Nf3 Nf6 3. c4 g6 4. Nc3 Bg7 5. Qc2 Nbd7 6. e3 e5 7. Bd3 0-0 8. 0-0 Re8 9. b3 Qe7 10. e4 exd4 11. Nxd4 Nc5 12. Bb2 Nxd3 13. Qxd3 Bd7 14. Rae1 a6 15. f4 Rad8 16. e5 Nh5 17. Nd5 Qh4 18. g3 Qh3 19. Nxc7 Re7 20. Nd5 Ree8 21. exd6 Nf6 22. Rxe8+ Rxe8 23. Ne7+ Kf8 24. Re1 Nh5 25. Qf1 Qg4 26. Qf2 Nf6 27. Qe2 Qh3 28. Qg2 Qh5 29. Qxb7 Be6 1-0

[Event "Vitoria ECXA 3rd"]
[Site "Vitoria"]
[Date "2010.03.17"]
[Round "3.3"]
[White "Lage, Sergio Correa Magal"]
[Black "Espirito Santo, Jeferson Souza Do"]
[Result "1-0"]
[WhiteElo "1998"]
[BlackElo "1905"]
[PlyCount "53"]
[EventDate "2010.03.15"]
[EventType "tourn"]
[EventRounds "10"]
[EventCountry "BRA"]
[SourceTitle "EXT 2022"]
[Source "ChessBase"]
[SourceDate "2021.10.06"]
[SourceVersion "1"]
[SourceVersionDate "2021.10.06"]
[SourceQuality "1"]

1. d4 e6 2. Nf3 Nf6 3. c4 d5 4. Nc3 Be7 5. Qc2 Nc6 6. a3 dxc4 7. e3 a6 8. Bxc4 b5 9. Bd3 Bb7 10. 0-0 h6 11. b3 0-0 12. Bb2 Rc8 13. Rac1 Re8 14. Rfd1 Bf8 15. Nxb5 axb5 16. Bxb5 Re7 17. Bxc6 Bxc6 18. Qxc6 Rd7 19. Rc2 Rd6 20. Qc4 Nd5 21. Rdc1 Rd7 22. e4 Nf4 23. Ne5 Rd6 24. Nc6 Qg5 25. Qf1 Ng6 26. Na7 Rcd8 27. Rxc7 1-0

[Event "BRA-ch sf"]
[Site "Vitoria"]
[Date "2009.11.01"]
[Round "5"]
[White "Lage, Sergio Correa Magal"]
[Black "Guimaraes, Diogo Duarte"]
[Result "0-1"]
[WhiteElo "1992"]
[BlackElo "2179"]
[PlyCount "66"]
[EventDate "2009.10.30"]
[EventType "swiss"]
[EventRounds "7"]
[EventCountry "BRA"]
[SourceTitle "EXT 2010"]
[Source "ChessBase"]
[SourceDate "2010.11.25"]
[SourceVersion "1"]
[SourceVersionDate "2010.11.25"]
[SourceQuality "1"]

1. d4 d5 2. Nf3 Nf6 3. Bf4 c6 4. h3 Qb6 5. Qc1 Bf5 6. e3 e6 7. Nbd2 Nbd7 8. Nh4 Be4 9. Nxe4 Nxe4 10. Nf3 c5 11. c3 Be7 12. Be2 0-0 13. Ne5 Ndf6 14. f3 Nd6 15. g4 Rfd8 16. h4 h5 17. Qc2 hxg4 18. fxg4 Nfe4 19. h5 Rac8 20. Bf3 cxd4 21. exd4 Qxd4 22. Qxe4 dxe4 23. cxd4 exf3 24. Nxf3 Rc2 25. b3 Nb5 26. 0-0 Nxd4 27. Be3 Ne2+ 28. Kf2 Nc3+ 29. Kg3 Rd3 30. Bxa7 Ne2+ 31. Kh3 Nf4+ 32. Kg3 Bd6 33. Kh4 Rh2+ 0-1

[Event "Cachoeiro CEAX op 4th"]
[Site "Cachoeiro"]
[Date "2003.09.27"]
[Round "2"]
[White "Lage, Sergio Correa Magal"]
[Black "Schmidt, Osmar Raulino"]
[Result "0-1"]
[WhiteElo "1837"]
[BlackElo "1879"]
[PlyCount "68"]
[EventDate "2003.09.26"]
[EventType "swiss"]
[EventRounds "6"]
[EventCountry "BRA"]
[SourceTitle "EXT 2006"]
[Source "ChessBase"]
[SourceDate "2005.11.24"]
[SourceVersion "1"]
[SourceVersionDate "2005.11.24"]
[SourceQuality "1"]

1. e4 c5 2. Nf3 d6 3. g3 Nc6 4. Bg2 g6 5. Nc3 Bg7 6. d3 Nf6 7. Bg5 b5 8. e5 dxe5 9. Nxe5 Nxe5 10. Bxa8 Bg4 11. Bc6+ Nxc6 12. f3 Bc8 13. Qd2 b4 14. Ne4 Nxe4 15. dxe4 Qxd2+ 16. Bxd2 Bxb2 17. Rb1 Bg7 18. Be3 Nd4 19. 0-0 Ba6 20. Rf2 0-0 21. Kg2 Rc8 22. h3 Bc4 23. c3 bxc3 24. Rb7 a6 25. Rxe7 Rb8 26. Rc7 Ne6 27. Rc6 Bb5 28. Rd6 Bd4 29. Bxd4 cxd4 30. f4 d3 31. f5 gxf5 32. exf5 Rd8 33. Rb6 Nc5 34. f6 d2 0-1

[Event "BRA-ch sf"]
[Site "Vitoria"]
[Date "2003.09.07"]
[Round "6"]
[White "Lage, Sergio Correa Magal"]
[Black "Nunes, Jose BL"]
[Result "1-0"]
[WhiteElo "1837"]
[BlackElo "1815"]
[PlyCount "41"]
[EventDate "2003.09.??"]
[EventType "swiss"]
[EventRounds "7"]
[EventCountry "BRA"]
[SourceTitle "EXT 2006"]
[Source "ChessBase"]
[SourceDate "2005.11.24"]
[SourceVersion "1"]
[SourceVersionDate "2005.11.24"]
[SourceQuality "1"]

1. d4 g6 2. Nf3 Bg7 3. c4 d6 4. Nc3 Nd7 5. e4 c6 6. Be3 Ngf6 7. Be2 0-0 8. h4 e5 9. h5 Nxh5 10. Qd2 exd4 11. Nxd4 Qf6 12. Bxh5 gxh5 13. Nf5 Ne5 14. Bg5 Nxc4 15. Bxf6 Nxd2 16. Nxg7 Nc4 17. 0-0-0 d5 18. exd5 cxd5 19. Nxd5 h6 20. Rd4 Nd6 21. Ne7+ 1-0